000 00809cab a2200253 4500
001 ABS59994
008 090401t1999 xxu||||| |||| 00| 0 eng d
035 _a(Sirsi) u90727
041 _aeng
100 _aHogg, M.A.
245 _aTo irritate or rescind: two paths for the landlord?
260 _c1999
350 _a0
490 _aScots Law Times
_v(1) 8 January 1999, 1-6(6)
520 _aConsiders the authorities on rescission in relation to leases and asks whether the concept has significance given the prevalence of irritancy clauses. (Taken from journal abstract).
650 _aIRRITANCY
650 _aLANDLORD AND TENANT
_96252
650 _aRESCISSION
650 _aSCOTLAND
650 _aSCOTS LAW
690 _aPROPERTY-LANDLORD AND TENANT
942 _n0
948 _c15/01/1999
999 _c57531
_d57531